Plan estratégico para el impulso nacional y posicionamiento mundial de la República Dominicana : (Record no. 1861)

MARC details
000 -LEADER
campo de control de longitud fija 01076cam a2200265 i 4500
001 - NÚMERO DE CONTROL
campo de control 121299
005 - FECHA Y HORA DE LA ÚLTIMA TRANSACCIÓN
campo de control 20230404125640.0
008 - DATOS DE LONGITUD FIJA--INFORMACIÓN GENERAL
campo de control de longitud fija 151029b0000 fr a 000 0 fre
041 ## - CÓDIGO DE IDIOMA
Código de lengua del texto/banda sonora o título independiente spa
050 14 - SIGNATURA TOPOGRÁFICA DE LA BIBLIOTECA DEL CONGRESO
Número de clasificación CD F
049 ## - FONDOS LOCALES (OCLC)
Biblioteca depositaria GRAL
245 00 - MENCIÓN DEL TÍTULO
Título Plan estratégico para el impulso nacional y posicionamiento mundial de la República Dominicana :
Resto del título Resumen ejecutivo /
Mención de responsabilidad, etc. Below the Group.
260 ## - PUBLICACIÓN, DISTRIBUCIÓN, ETC.
Lugar de publicación, distribución, etc. [s.l. :
Nombre del editor, distribuidor, etc. s.n.,
Fecha de publicación, distribución, etc. 2011].
300 ## - DESCRIPCIÓN FÍSICA
Extensión [33 h.];
Dimensiones 21x30 cm.
500 ## - NOTA GENERAL
Nota general Publicaciones del Foro Marca País 2011, organizado por el CEI-RD en fechas del 28-29 de abril en Santo Domingo.
505 0# - NOTA DE CONTENIDO CON FORMATO
Nota de contenido con formato Estrategia Marca País (EMP). -- Claves de la Estrategia Marca País. -- Breve análisis de la República Dominicana. -- Nuestra propuesta.
650 #4 - PUNTO DE ACCESO ADICIONAL DE MATERIA--TÉRMINO DE MATERIA
Término de materia o nombre geográfico como elemento de entrada Competitividad
Subdivisión geográfica República Dominicana.
650 #4 - PUNTO DE ACCESO ADICIONAL DE MATERIA--TÉRMINO DE MATERIA
Término de materia o nombre geográfico como elemento de entrada Imagen y diseño corporativo
Subdivisión geográfica República Dominicana.
650 #4 - PUNTO DE ACCESO ADICIONAL DE MATERIA--TÉRMINO DE MATERIA
Término de materia o nombre geográfico como elemento de entrada Marca País
Subdivisión geográfica República Dominicana
710 1# - ENTRADA AGREGADA--NOMBRE DE ENTIDAD CORPORATIVA
Nombre de entidad corporativa o nombre de jurisdicción como elemento de entrada Below the Group
711 2# - ENTRADA AGREGADA--NOMBRE DE REUNIÓN
Nombre de congreso/reunión o jurisdicción como elemento de entrada Foro Marca País 2011
Fecha del congreso o de la firma del tratado (28-29 abril :
Número del congreso/reunión o número de parte o sección Santo Domingo)
942 ## - ELEMENTOS DE ENTRADA SECUNDARIOS (KOHA)
Fuente del sistema de clasificación o colocación Clasificación de Library of Congress
Tipo de ítem Koha
994 ## -
-- C0
-- DRFGD
946 ## - PROCESAMIENTO DE INFORMACIÓN LOCAL (OCLC)
a sh
Holdings
Estatus retirado Estado de pérdida Fuente del sistema de clasificación o colocación Estado de daño No para préstamo Colección Biblioteca de origen Biblioteca actual Ubicación en estantería Fecha de adquisición Serial enumeration / chronology Total checkouts Signatura topográfica completa Código de barras Visto por última vez Copia número Precio de reemplazo Tipo de ítem Koha
    Clasificación de Library of Congress     Referencia Biblioteca Juan Bosch Biblioteca Juan Bosch Colección Documental (Referencia, 1er. Piso) 04/04/2023 1   CD F 00000095515 23/10/2018 1 23/10/2018